Resonance microwave compressor in the transmitter of a nonlinear pulse radar; Radiotekhnika; № 4
| Parent link: | Radiotekhnika.— , 2001 № 4.— 2001.— P. 27-29 |
|---|---|
| Autore principale: | |
| Altri autori: | , |
| Riassunto: | The breadboard characteristics and operation investigation results are presented for a resonance microwave compressor which increases power and reduces duration of pulses exciting its accumulating resonance volume. This source of output microwave pulses with power 240 kW, duration 10 ns, frequency repetition 100 Hz and carrier frequency 934 MHz was used in the transmitter of a nonlinear radar breadboard. The receiver frequency bandwidth was not less than 120 MHz. В фонде НТБ ТПУ отсутствует |
| Lingua: | russo |
| Pubblicazione: |
2001
|
| Soggetti: | |
| Natura: | MixedMaterials Capitolo di libro |
| KOHA link: | https://koha.lib.tpu.ru/cgi-bin/koha/opac-detail.pl?biblionumber=602253 |
MARC
| LEADER | 00000naa0a2200000 4500 | ||
|---|---|---|---|
| 001 | 602253 | ||
| 005 | 20250227163738.0 | ||
| 035 | |a (RuTPU)RU\TPU\tpu\27715 | ||
| 035 | |a RU\TPU\tpu\27714 | ||
| 090 | |a 602253 | ||
| 100 | |a 20150813d2001 k||y0rusy50 ca | ||
| 101 | 0 | |a rus | |
| 102 | |a RU | ||
| 200 | 1 | |a Resonance microwave compressor in the transmitter of a nonlinear pulse radar |f S. A. Novikov, V. P. Shigan, D. V. Zelentsov | |
| 330 | |a The breadboard characteristics and operation investigation results are presented for a resonance microwave compressor which increases power and reduces duration of pulses exciting its accumulating resonance volume. This source of output microwave pulses with power 240 kW, duration 10 ns, frequency repetition 100 Hz and carrier frequency 934 MHz was used in the transmitter of a nonlinear radar breadboard. The receiver frequency bandwidth was not less than 120 MHz. | ||
| 333 | |a В фонде НТБ ТПУ отсутствует | ||
| 461 | |t Radiotekhnika |d 2001 | ||
| 463 | |t № 4 |v P. 27-29 |d 2001 | ||
| 610 | 1 | |a труды учёных ТПУ | |
| 700 | 1 | |a Novikov |b S. A. |c specialist in electrical engineering |c Professor of Tomsk Polytechnic University, doctor of physical and mathematical sciences |f 1949- |g Sergey Avtonomovich |3 (RuTPU)RU\TPU\pers\32424 |9 16373 | |
| 701 | 1 | |a Shigan |b V. P. | |
| 701 | 1 | |a Zelentsov |b D. V. | |
| 801 | 1 | |a RU |b 63413507 |c 20150813 | |
| 801 | 2 | |a RU |b 63413507 |c 20150813 |g RCR | |
| 942 | |c CR | ||